01551cam a22003138i 450000100090000000300050000900500170001400800410003101000170007202000260008904000290011504200080014405000260015208200250017810000390020324500820024225000170032426300090034126400560035030000290040633600260043533700280046133800270048949000280051650400510054450504270059565000440102277601710106620348687CSPC20250220141253.0180207s2019 enk 000 0 eng  a 2018005517 a9781138055711 q(pbk) aDLCbengerdacDLCdCSPC apcc00aBF724.3.A32bF78 201900a155.51824bF947a2231 aFrydenberg, Erica,d1943-eauthor.10aAdolescent coping :bpromoting resilience and well-being /cErica Frydenberg. a3rd edition. a1807 1aAbingdon, Oxon ;aNew York, NY :bRoutledge,c2019. axx, 206 pages ; c23 cm. atextbtxt2rdacontent aunmediatedbn2rdamedia avolumebnc2rdacarrier0 aAdolescence and society aIncludes bibliographical references and index.0 aPositive psychology and related constructs -- What is coping? -- The measurement of coping -- Coping: what we have learned -- Family coping: culture and context -- Wellbeing and resilience -- An intersect: ecology, neuroscience and epigenetics -- Anxiety, depression and other related conditions -- Coping with diverse conditions -- Adolescent risk -- Learning to cope -- Technology and social media: the good and the bad. 0aAdjustment (Psychology) in adolescence.08iOnline version:aFrydenberg, Erica, 1943- author.tAdolescent copingb3rd edition.dAbingdon, Oxon ; New York, NY : Routledge, [2019]z9781351677288w(DLC) 2018006049